Culture on tour : ethnographies of travel

Αποθηκεύτηκε σε:
Λεπτομέρειες βιβλιογραφικής εγγραφής
Κύριος συγγραφέας: Bruner, Edward M.
Μορφή: Βιβλίο
Γλώσσα:English
Δημοσίευση: Chicago : University of Chicago Press, c2005
Θέματα:
Ετικέτες: Προσθήκη ετικέτας
Δεν υπάρχουν, Καταχωρήστε ετικέτα πρώτοι!

MARC

LEADER 00000nam a2200000 i 4500
001 1/78289
008 050609s2005 eng d
020 |a 0-226-07763-2 
035 |l 10078464 
040 |a GR-MY-UA  |b gre  |e aacr 
041 0 |a eng 
082 0 |a 306.4819  |2 (22) 
100 1 |a Bruner, Edward M. 
245 1 0 |a Culture on tour :  |b ethnographies of travel /  |c Edward M. Bruner 
260 |a Chicago :   |b University of Chicago Press,   |c c2005 
300 |a x, 308 σ.;  |b εικ.;  |c 23 εκ. 
504 |a Περιέχει βιβλιογραφικές παραπομπές και ευρετήριο 
650 0 0 |a Heritage tourism. 
650 0 0 |a Culture  |x Semiotic models. 
852 |a INST  |b CHIOS  |e 20080407  |h 306.4819 BRU  |p 005200027468  |q 005200027468  |t BK  |y 0 
852 |a INST  |b LESVOS  |e 20050609  |h 306.4819 BRU  |p 005100032326  |q 005100032326  |t BK  |y 0 
901 |a BIBL1-2005-2 
901 |a BIBL2-2008-1 
909 |a Λ  |b 118378 
909 |a X  |b 151233 
920 |a ΕΠΕΑΕΚ ΚΟΙΝΩΝΙΚΗΣ ΑΝΘΡΩΠΟΛΟΓΙΑΣ ΚΑΙ ΙΣΤΟΡΙΑΣ  |y ΛΕΣΒΟΣ  |z 2005-04 
922 |a 2ΕΛΗ  |b 200803  |c ΕΠΕΑΕΚ2/ΤΔΕ  |d ΠΑΠΑΣΩΤΗΡΙΟΥ 
970 |a ΜΑΡΙΝΑΤΟΥ  |b ΜΥΡΣΙΝΗ  |z 2005/06/08